| Tag |
First Indicator |
Second Indicator |
Subfields |
| LEADER |
00000cam a2200000 4500 |
| 001 |
in00000033693 |
| 005 |
20151007061925.0 |
| 008 |
770916r19461946enkaf 00010 eng |
| 010 |
|
|
|a 46020953
|
| 035 |
|
|
|a (OCoLC)03270036
|
| 035 |
|
|
|9 AAD3481AM
|
| 040 |
|
|
|a DLC
|c OCP
|d TXA
|d UtOrBLW
|
| 049 |
|
|
|a TXAM
|c 1 [375625]
|
| 050 |
|
0 |
|a TK6565.R3
|b .H3
|
| 082 |
0 |
|
|a 621.38
|
| 092 |
|
|
|a 621.38
|b H193r
|
| 100 |
1 |
|
|a Hallows, Ralph Watson,
|d 1885-
|
| 245 |
1 |
0 |
|a Radar ;
|b radiolocation simply explained /
|c by Major R. W. Hallows, with a foreword by General Sir F. A. Pile.
|
| 264 |
|
1 |
|a London :
|b Chapman & Hall ltd.,
|c 1946.
|
| 300 |
|
|
|a 140 pages :
|b illustrations, VIII plate (including frontispiece) on 6 ., diagrams ;
|c 19 cm.
|
| 336 |
|
|
|a text
|b txt
|2 rdacontent
|
| 337 |
|
|
|a unmediated
|b n
|2 rdamedia
|
| 338 |
|
|
|a volume
|b nc
|2 rdacarrier
|
| 500 |
|
|
|a "First published, 1946."
|
| 650 |
|
0 |
|a Radar.
|
| 999 |
|
|
|a MARS
|
| 999 |
f |
f |
|s 7474de8b-dc84-353a-9557-cee0dbb36f25
|i b346beeb-d3e0-348d-891e-2e50baddefec
|t 0
|
| 952 |
f |
f |
|p normal
|a Texas A&M University
|b College Station
|c Sterling C. Evans Library
|d Evans: Library Stacks
|t 0
|e TK6565.R3 .H3
|h Library of Congress classification
|i unmediated -- volume
|m A14801036700
|
| 998 |
f |
f |
|a TK6565.R3 .H3
|t 0
|l Evans: Library Stacks
|